Predchádzanie súdnym sporom medzi organizáciami a autormi a riešenie vzniklých sporov v oblasti odmeňovania, zamietnutia a využívania vynálezov, zlepšovacích návrhov a priemyselných vzorov, zmierovacie konanie a premlčacia lehota nároku na odmenu

Bibliographic Details
Main Author: Erben, Pavol (Author)
Format: Article
Language:Slovak
Subjects:

MARC

LEADER 00000nab a2200000 a 4500
001 vtls000195317
003 SK-MaSNL
005 20260302205838.0
008 111103c1984 xo 0 slo
015 |a SNBRA19rr/mm-uuuuu 
035 |a CL0205430 
040 |a SNKBUCL  |b slo  |c SNKBUCL  |e AACR2 
041 0 |a slo 
044 |a xo  |c SK 
080 |a 331.876.6:347.77  |2 1981 
080 |a 347.77  |2 1981 
100 1 |a Erben, Pavol  |4 aut  |9 7221 
245 1 0 |a Predchádzanie súdnym sporom medzi organizáciami a autormi a riešenie vzniklých sporov v oblasti odmeňovania, zamietnutia a využívania vynálezov, zlepšovacích návrhov a priemyselných vzorov, zmierovacie konanie a premlčacia lehota nároku na odmenu  |c Pavol Erben 
650 0 7 |a vynálezy  |2 snkbucl  |9 301857 
650 0 7 |a zlepšovacie návrhy  |2 snkbucl  |9 51995 
650 0 7 |a priemyselné vzory  |2 snkbucl  |9 2702 
655 7 |a články zo zborníkov  |2 snkbucl  |9 166140 
773 0 |t Ekonomika spoločenského prospechu a odmeňovania vo vynálezcovstve a zlepšovateľstve  |d Bratislava : Dom techniky ČSVTS, 1984 
850 |a Slovenská národná knižnica v Martine  |a MTA001 
852 |a SNK  |b KIS3GCP 
958 |a RK 
992 |a RZB 
999 |c 1479713  |d 1481643